| 000 | 00817nam a22002177a 4500 | ||
|---|---|---|---|
| 999 |
_c6276 _d6276 |
||
| 003 | AR-CdUCM | ||
| 008 | 190314b ||||| |||| 00| 0 spa d | ||
| 040 |
_aMUNICIPALIDAD PROVINCIAL DEL CUSCO _cBIBLIOTECA MUNICIPAL DEL CUSCO |
||
| 082 |
_a866.53 / _bV38 |
||
| 100 |
_aVelazquez Rojas, Manuel _918026 |
||
| 245 |
_aPoesía : _bDel primer encuentro nacional de escritores jóvenes del Perú / |
||
| 260 |
_aJauja : _bEdiciones universidad nacional de educación, _c1970. |
||
| 300 |
_a54 páginas ; _bIlustraciones, _c24 cm. |
||
| 500 | _aDonación familia Nieto | ||
| 505 | _aContenido: Rojo atardecer -- Grietas -- Noche de pampa grande a la luz de la luna -- Tiempos de ausencia... | ||
| 650 |
_aPoemas peruanos _91040 |
||
| 650 |
_aJauja _918027 |
||
| 650 |
_aPerú _935 |
||
| 942 |
_2ddc _cLIBROS |
||
| 945 | _adavv | ||